Statystyki dla Państwa Azji w 1900 roku

Kliknij tutaj aby rozwiązać quiz!

Ogólne statystyki

  • Ten quiz został rozwiązany 7 118 razy
  • Średni wynik to 8 z 13

Odpowiedzi na mapie

Odpowiedzi skodowane kolorowo w zielono-czerwonej skali na mapie do tego quizu, zgodnie z poniższymi procentami.
 

Statystyki odpowiedzi

Kraj% Poprawnych
Dynastia Qing
99%
Imperium Rosyjskie
99%
Cesarstwo Wielkiej Japonii
97%
Korea
94%
Persja
94%
Nepal
89%
Syjam
87%
Imperium Osmańskie
83%
Bhutan
79%
Dżabal Szammar
7%
Aceh
4%
Aden
4%
Champasak
2%

Rozkład punktacji

Percentyl według liczby udzielonych odpowiedzi

Procent ludzi z każdym wynikiem

Twoja historia wyników

Nie rozwiązałeś tego quizu